Library of the University of Algiers 3
Ibrahim Sultan Cheibout
شعار جامعة الجزائر 3
مكتبة جامعة الجزائر 3
إبراهيم سلطان شيبوط

التحكيم الدولي والداخلي في المواد المدنيه والتجاريه والاداريه طبقا للقانون 27 لسنه 1994 المعدل بالقانون رقم 09 لسنة 1997، 8 لسنة 2000 / (رقم التسجيلة. 45984)

تفاصيل مارك
000 -LEADER
fixed length control field 03010nam a2200205Ia 4500
003 - CONTROL NUMBER IDENTIFIER
control field Ost
005 - DATE AND TIME OF LATEST TRANSACTION
control field 20260507075726.0
008 - FIXED-LENGTH DATA ELEMENTS--GENERAL INFORMATION
fixed length control field 260507s9999||||xx |||||||||||||| ||und||
020 ## - INTERNATIONAL STANDARD BOOK NUMBER
International Standard Book Number 8275125977
040 ## - CATALOGING SOURCE
Transcribing agency fsecg
041 ## - LANGUAGE CODE
Language code of text/sound track or separate title ara
082 ## - DEWEY DECIMAL CLASSIFICATION NUMBER
Classification number 347.09
100 ## - MAIN ENTRY--PERSONAL NAME
Personal name المنشاوي، عبد الحميد
Relator term مؤلف
245 #0 - TITLE STATEMENT
Title التحكيم الدولي والداخلي في المواد المدنيه والتجاريه والاداريه طبقا للقانون 27 لسنه 1994 المعدل بالقانون رقم 09 لسنة 1997، 8 لسنة 2000 /
Statement of responsibility, etc. عبد الحميد المنشاوي
260 ## - PUBLICATION, DISTRIBUTION, ETC.
Place of publication, distribution, etc. الاسكندرية:
Name of publisher, distributor, etc. المكتب العربي الحديث,
Date of publication, distribution, etc. 2003
300 ## - PHYSICAL DESCRIPTION
Extent 336 صفحة؛
Dimensions 24 سم
520 ## - SUMMARY, ETC.
Summary, etc. نصت المادة الرابعة من مواد الاصدار على نشر قانون التحكيم فى الجريدة الرسمية وأن يعمل به بعد شهر من اليوم التالى لتاريخ نشره. ولما كان القانون المذكور قد نشر فى الجريدة الرسمية فى 21/4/1994 ، فيكون بداية سريان العمل بقانون التحكيم الجديد اعتباراً من 22/5/1994. وسوف نتناول قانون التحكيم المذكور بالبيان على النحو التالى الباب الأول : أحكام عامة- الباب الثاني : اتفاق التحكيم- الباب الثالث : هيئة التحكيم-الباب الرابع : إجراءات التحكيم- الباب الخامس : حكم التحكيم وإنهاء الإجراءات–الباب السادس : بطلان حكم التحكيم–الباب السابع : حجية أحكام المحكمين وتنفيذها : الفصل الأول : أحكام عامة : الفصل الثانى : فى معاملة المثتسمر العربى : الفصل الثالث : فى المعاملة التفصيلية : الفصل الرابع : فى الاشراف على تنفيذ الاتفاقية : الفصل الخامس : فى ضمان الاستثمار : الفصل السادس : فى تسوية المنازعات : القسم الاول : قواعد تمهيدية : القسم الثانى : تشكيل محكمة التحكيم : القسم الثالث : احكام عامة : القسم الرابع : الحكم : القرارات : شكل وأثر الحكم : القانون الواجب التطبيق، التحكيم بالصلح : التسوية أو الأسس الأخرى لحسم النزاع : تفسير الحكم : تصحيح الحكم : الحكم الإضافي : المصاريف : اتفاقية تنفيذ الاحكام فى الدول العربية : التحكيم في تشريعات البلاد العربية : اولا : نظام التحكيم فى المملكة العربية السعودية : ثانيا : قانون التحكيم في الجمهورية العربية اليمينية.
653 ## - INDEX TERM--UNCONTROLLED
Uncontrolled term التحكيم
942 ## - ADDED ENTRY ELEMENTS (KOHA)
Koha item type كتب
المقتنيات
Withdrawn status Lost status Source of classification or shelving scheme Damaged status Not for loan Home library Current library Date acquired Serial enumeration / chronology Inventory number Total checkouts Full call number Barcode Date last seen Price effective from Koha item type
    Library of Congress Classification   NOT LOAN / إعارة داخلية مكتبة كلية العلوم الإقتصادية والعلوم التجارية وعلوم التسيير مكتبة كلية العلوم الإقتصادية والعلوم التجارية وعلوم التسيير 07/05/2026 الطابق الأرضي 1123/1   أ/1123ن1 1123/1 07/05/2026 07/05/2026 كتب
    Dewey Decimal Classification   Available مكتبة كلية العلوم الإقتصادية والعلوم التجارية وعلوم التسيير مكتبة كلية العلوم الإقتصادية والعلوم التجارية وعلوم التسيير 07/05/2026 الطابق الأرضي 1123/2   أ/1123ن2 1123/2 07/05/2026 07/05/2026 كتب
    Dewey Decimal Classification   Available مكتبة كلية العلوم الإقتصادية والعلوم التجارية وعلوم التسيير مكتبة كلية العلوم الإقتصادية والعلوم التجارية وعلوم التسيير 07/05/2026 الطابق الأرضي 1123/3   أ/1123ن3 1123/3 07/05/2026 07/05/2026 كتب
    Dewey Decimal Classification   Available مكتبة كلية العلوم الإقتصادية والعلوم التجارية وعلوم التسيير مكتبة كلية العلوم الإقتصادية والعلوم التجارية وعلوم التسيير 07/05/2026 الطابق الثاني 1123/4   أ/1123ن4 1123/4 07/05/2026 07/05/2026 كتب
    Dewey Decimal Classification   Available مكتبة كلية العلوم الإقتصادية والعلوم التجارية وعلوم التسيير مكتبة كلية العلوم الإقتصادية والعلوم التجارية وعلوم التسيير 07/05/2026 الطابق الثاني 1123/5   أ/1123ن5 1123/5 07/05/2026 07/05/2026 كتب

موارد الويب المفتوحة


© University of Algiers 3 All Rights Reserved
|
Implemented by LECHELAH Riad